<?xml version="1.0" encoding="UTF-8"?>
<marc:record xmlns:marc="http://www.loc.gov/MARC21/slim">
   <marc:leader>00000nam a2200000 a 4500</marc:leader>
   <marc:datafield ind1="0" ind2="0" tag="245">
      <marc:subfield code="a">Gravity Maze</marc:subfield>
   </marc:datafield>
   <marc:datafield ind1=" " ind2="1" tag="264">
      <marc:subfield code="b">ThinkFun</marc:subfield>
   </marc:datafield>
   <marc:datafield ind1="1" ind2=" " tag="520">
      <marc:subfield code="a">ab 1 Spieler ab 8 Jahren "Dieses von der Schwerkraft beeinflusste Logik-Labyrinth stellt deine Vorstellungskraft und dein logisches Denken auf die Probe. Ziel ist es, einen Weg durch die Türme zu finden, damit die Kugel in den roten Zielturm rollen kann. Wähle eine Aufgabenkarte und platziere die Türme wie angegeben auf dem Spielfeld. Jetzt gilt es herauszufinden, wo die übrigen Türme hinkommen. Stelle die Türme so auf, dass die Kugel vom Start aus durch jeden Turm rollt und schließlich im Zielturm ankommt - dann hast du gewonnen!" [Verlagstext]</marc:subfield>
   </marc:datafield>
   <marc:datafield ind1="3" ind2=" " tag="024">
      <marc:subfield code="a">4005556764334</marc:subfield>
   </marc:datafield>
   <marc:datafield ind1=" " ind2=" " tag="500">
      <marc:subfield code="a">Spielmaterial:</marc:subfield>
   </marc:datafield>
   <marc:datafield ind1="0" ind2=" " tag="490">
      <marc:subfield code="v">0</marc:subfield>
   </marc:datafield>
</marc:record>
